Revista do programa de direito da Uniô Europeia Vol. 9

Bibliographic Details
Format: eBook
Language:Portuguese
Published: Rio de Janeiro: FGV - Direito Rio, 2019
Series:Programa de Direito da Uniô Europeia
Subjects:
Online Access:Acceso restringido

MARC

LEADER 00000nam a22000007a 4500
005 20190920131516.0
007 cr|||| ||||
008 190920s2019 br |||||s|||| 00||0 por d
020 |a 978-85-9597-034-2 
035 |a 30282 
040 |a vLex 
090 |c 9618  |d 9618 
245 0 0 |a Revista do programa de direito da Uniô Europeia  |h [Recurso electrn̤ico] /  |n Vol. 9 
256 |a Servicio en ln̕ea 
260 |a Rio de Janeiro:  |b FGV - Direito Rio,  |c 2019 
300 |a 1 recurso electrn̤ico 
490 0 |a Programa de Direito da Uniô Europeia 
506 1 |a Disponible solo en los productos indicados  |d vLex Global  |d vLex Global (Academic Edition, excluding Law Schools)  |d vLex Global (U.S. Academic Edition, Law Schools)  |d vLex Global (U.S. Academic Edition, excluding Law Schools)  |d vLex Global (Academic Edition, Law Schools) 
650 0 4 |a Derecho Comunitario  |z Brasil 
740 0 |a vLex Libros (Servicio en ln̕ea) 
856 4 0 |u http://vlex.com/source/revista-programa-direito-uni-o-europeia-9-30282  |z Acceso restringido 
942 |c BOOK 
999 0 |a Community Law